000 00301nam a2200133 i 4500
001 bg
100 1 _aSZECHY, K.
245 0 _aGründungsarten.Bd.2 Teil 2 /
_cK. Szechy.
260 _aNowy Jork,
_c1965.
040 _cBPK
041 _apol
942 _cKS
008 s pl f |000 0 pol
999 _c12050
_d12050
856 _uhttp://koha.tu.koszalin.pl/cgi-bin/koha/opac-detail.pl?biblionumber=12050
_yKatalog online BPK